00197nam a2200073Ia 4500082001800000245003400018100003000052008004100082 aJ 333.92 PIPE 0aWind power : is it reliable?  a PIPE, Jim London, 2009 210816s9999 xx 000 0 und d